000 00895nam a22002897a 4500
001 BR8202771
003 BR-BrBNA
005 20230928091319.0
007 ta
008 230509b bl.||||| |||| 00| 0 por d
040 _aBR-BrBNA
_bpor
_cBiblioteca Nacional de Agricultura
041 _a(Por)
072 _aF70
_b/G514
090 _ F70 BR8202771
100 1 _aZanette, V.C.
110 1 _aFundacao de Amparo a Tecnologia e Meio Ambiente, Florianopolis, SC (Brasil)
_94836
245 1 _aLevantamento floristico da area de recuperacao da mineracao a ceu aberto em Sideropolis, Santa Catarina, Brasil
260 3 _aFlorianopolis, SC (Brasil):
_c1982.
300 _a22 p.
500 _a7 ref.; Summaries (Eng, Por)
650 _aFLORA
650 _aVEGETACAO
650 _aDISTRIBUICAO GEOGRAFICA
650 _aSANTA CATARINA
909 _a202309
_bLucia
_c55
_dLucia Elande
942 _cBK
999 _c33347
_d33347